000 00487nam a2200193Ia 4500
003 OSt
005 20221007082744.0
006 a|||||r|||| 00| 0
007 ta
008 221006b |||||||| |||| 00| 0 eng d
024 _a23,091
037 _cDissertations
040 _aFLL
_cFLL
_beng
041 _2eng
_aeng
100 _aLal Madan
_9263830
245 0 _aPresident's rule under article 356need for review
942 _cDIS
_2CC
999 _c1167625
_d1167625